| 000 | 01952cam a2200517 a 4500 | ||
|---|---|---|---|
| 001 | sjds451762 | ||
| 003 | sjds | ||
| 005 | 20200706124407.0 | ||
| 008 | 101103t20112011mnua b 000 0 eng | ||
| 010 | _a 2010045439 | ||
| 020 | _a9781575423685 (pbk.) | ||
| 020 | _a1575423685 (pbk.) | ||
| 035 | _a(OCoLC)670482468 | ||
| 040 |
_aDLC _cDLC _dIG# _dBTCTA _dIFA _dUtOrBLW |
||
| 041 | 1 |
_aeng _aspa _heng |
|
| 049 | _aIFAA | ||
| 099 | _aCHILDREN ESPANOL 613 VERDICK 2011 | ||
| 100 | 1 | _aVerdick, Elizabeth. | |
| 245 | 1 | 4 |
_aLos germenes no son para compartir = _bGerms are not for sharing / _cElizabeth Verdick ; ilustrado por Marieka Heinlen ; traducido por Alejandra Schmidt. |
| 246 | 3 | 1 | _aGermenes no son para compartir |
| 246 | 3 | 1 | _aGerms are not for sharing |
| 260 |
_aMinneapolis, MN : _bFree Spirit Pub., _cc2011 |
||
| 264 | 1 |
_aMinneapolis, MN : _bFree Spirit Pub., _c[2011] |
|
| 264 | 4 | _cc2011 | |
| 300 |
_a35 pages : _bcolor illustrations ; _c23 cm. |
||
| 336 |
_atext _btxt _2rdacontent |
||
| 337 |
_aunmediated _bn _2rdamedia |
||
| 338 |
_avolume _bnc _2rdacarrier |
||
| 490 | 1 | _aBest behavior series | |
| 520 | _aDescribes why germs should not be spread. | ||
| 520 | _aExplica por qué los gérmenes no son para compartir. | ||
| 521 | 1 | _a0-3. | |
| 521 | 8 |
_aAD 490 _bLexile |
|
| 546 | _aIn English and Spanish. | ||
| 650 | 0 |
_aHygiene _vJuvenile literature. |
|
| 650 | 0 |
_aBacteria _vJuvenile literature. |
|
| 650 | 0 |
_aSpanish language materials _xBilingual _vJuvenile literature. |
|
| 650 | 7 |
_aHigiene _vLiteratura juvenil. _2bidex |
|
| 650 | 7 |
_aBacterias _vLiteratura juvenil. _2bidex |
|
| 650 | 7 |
_aMateriales bilingües en español _vLiteratura juvenil. _2bidex |
|
| 700 | 1 | 2 |
_aVerdick, Elizabeth. _tGerms are not for sharing. _lSpanish. |
| 700 | 1 | 2 |
_aVerdick, Elizabeth. _tGerms are not for sharing. _lEnglish. |
| 700 | 1 |
_aHeinlen, Marieka, _eillustrator. |
|
| 830 | 0 |
_aBest behavior series. _lSpanish. |
|
| 942 |
_cBK _2ddc |
||
| 999 |
_c20287 _d20287 |
||